The CHAOS* cure : (Record no. 249241)
[ view plain ]
| 000 -LEADER | |
|---|---|
| fixed length control field | 01466cam a2200373Ki 4500 |
| 001 - CONTROL NUMBER | |
| control field | on1030756938 |
| 003 - CONTROL NUMBER IDENTIFIER | |
| control field | OCoLC |
| 005 - DATE AND TIME OF LATEST TRANSACTION | |
| control field | 20191002140746.0 |
| 008 - FIXED-LENGTH DATA ELEMENTS--GENERAL INFORMATION | |
| fixed length control field | 180409s2018 nyua 000 0 eng d |
| 010 ## - LIBRARY OF CONGRESS CONTROL NUMBER | |
| LC control number | 2018959608 |
| 020 ## - INTERNATIONAL STANDARD BOOK NUMBER | |
| International Standard Book Number | 9781580058025 |
| 020 ## - INTERNATIONAL STANDARD BOOK NUMBER | |
| International Standard Book Number | 1580058027 |
| 035 ## - SYSTEM CONTROL NUMBER | |
| System control number | (OCoLC)1030756938 |
| Canceled/invalid control number | (OCoLC)1030814258 |
| -- | (OCoLC)1078637260 |
| 040 ## - CATALOGING SOURCE | |
| Original cataloging agency | YDX |
| Language of cataloging | eng |
| Transcribing agency | YDX |
| Modifying agency | BDX |
| -- | GK8 |
| -- | TOH |
| -- | IEB |
| -- | TNH |
| -- | OCP |
| -- | QQ3 |
| -- | UOK |
| 049 ## - LOCAL HOLDINGS (OCLC) | |
| Holding library | UOKA |
| 050 14 - LIBRARY OF CONGRESS CALL NUMBER | |
| Classification number | TX324 |
| Item number | .C5647 2018 |
| 082 04 - DEWEY DECIMAL CLASSIFICATION NUMBER | |
| Classification number | 648/.5 |
| Edition number | 23 |
| 092 ## - LOCALLY ASSIGNED DEWEY CALL NUMBER (OCLC) | |
| Classification number | 648.5 C489C 2018 |
| 999 ## - SYSTEM CONTROL NUMBERS (KOHA) | |
| Koha Dewey Subclass [OBSOLETE] | 03424580 |
| 100 1# - MAIN ENTRY--PERSONAL NAME | |
| Personal name | Cilley, Marla |
| Relator term | author. |
| 9 (RLIN) | 50991 |
| 245 14 - TITLE STATEMENT | |
| Title | The CHAOS* cure : |
| Remainder of title | clean your house and calm your soul in 15 minutes / |
| Statement of responsibility, etc | Marla Cilley aka The Fly Lady. |
| 246 14 - VARYING FORM OF TITLE | |
| Title proper/short title | C.H.A.O.S.* cure |
| 250 ## - EDITION STATEMENT | |
| Edition statement | First edition. |
| 264 #1 - Publisher, distributor, etc. | |
| Place of production, publication, distribution, manufacture | New York, NY : |
| Name of producer, publisher, distributor, manufacturer | Seal Press, |
| Date of production, publication, distribution, manufacture, or copyright notice | 2018. |
| 300 ## - PHYSICAL DESCRIPTION | |
| Extent | 191 pages : |
| Other physical details | illustrations ; |
| Dimensions | 21 cm |
| 336 ## - CONTENT TYPE | |
| Content type term | text |
| 337 ## - MEDIA TYPE | |
| Media type term | unmediated |
| 338 ## - CARRIER TYPE | |
| Carrier type term | volume |
| 500 ## - GENERAL NOTE | |
| General note | "*Can't Have Anyone Over Syndrome." |
| 520 ## - SUMMARY, ETC. | |
| Summary, etc | "Are you suffering from CHAOS, otherwise known as can't have anyone over syndrome? If your house is a jumble of dirty dishes, piles of paper, and never-ending laundry, you are probably afflicted. But don't give up hope, because now there's an antidote: the chaos cure."--Back cover. |
| 650 #0 - SUBJECT ADDED ENTRY--TOPICAL TERM | |
| Topical term or geographic name as entry element | House cleaning |
| 9 (RLIN) | 85525 |
| 650 #0 - SUBJECT ADDED ENTRY--TOPICAL TERM | |
| Topical term or geographic name as entry element | Housekeeping |
| 9 (RLIN) | 98481 |
| 942 ## - ADDED ENTRY ELEMENTS (KOHA) | |
| Source of classification or shelving scheme | Dewey Decimal Classification |
| Item type | BOOK |
| Withdrawn status | Lost status | Source of classification or shelving scheme | Damaged status | Not for loan | Collection code | Home library | Current library | Shelving location | Date acquired | Source of acquisition | Cost, normal purchase price | Total Checkouts | Total Renewals | Full call number | Barcode | Date last seen | Date last borrowed | Cost, replacement price | Price effective from | Koha item type |
|---|---|---|---|---|---|---|---|---|---|---|---|---|---|---|---|---|---|---|---|---|
| Dewey Decimal Classification | General NonFiction | Wasatch County Library | Wasatch County Library | Second Floor | 01/14/2019 | MICROMARKETING | 15.99 | 12 | 10 | 648.5 Cil | 34301001627977 | 11/20/2025 | 10/11/2025 | 15.99 | 03/20/2020 | BOOK |
